Where is the world of property valuation for taxation purposes going? (Record no. 79187)

MARC details
000 -LEADER
fixed length control field 01401cab a22002175a 4500
001 - CONTROL NUMBER
control field L140089
008 - FIXED-LENGTH DATA ELEMENTS--GENERAL INFORMATION
fixed length control field 070904s2007 xxkd f 000 0 eng d
035 ## - SYSTEM CONTROL NUMBER
System control number (Sirsi) u140089
041 0# - LANGUAGE CODE
Language code of text/sound track or separate title eng
100 1# - MAIN ENTRY--PERSONAL NAME
Personal name Tretton, David
245 00 - TITLE STATEMENT
Title Where is the world of property valuation for taxation purposes going?
260 ## - PUBLICATION, DISTRIBUTION, ETC.
Date of publication, distribution, etc. 2007
490 #0 - SERIES STATEMENT
Series statement Journal of Property Investment and Finance
Volume/sequential designation 25(5) 2007, 482-514(32)
520 ## - SUMMARY, ETC.
Summary, etc. Compares and contrasts developments and trends in the use of Automated Valuation Models (AVMs) across the world to assess property for local taxation purposes. Focuses on three systems: Valuation Office Agency-Council Tax (dwellings) and Non-Domestic Ratings (commercial); Northern Ireland Valuation Lands Agency-Domestic (Dwellings); Hong Kong Rating and Valuation Department (dwellings and commercial) property. Considers the progress made in access to property data and data storage/retrieval. Finds that AVMs help produce valuations but their quality and accuracy are data and valuer led. Concludes that the subjective professional judgement of the valuer is still important.
590 ## - LOCAL NOTE (RLIN)
Local note ka
650 24 - SUBJECT ADDED ENTRY--TOPICAL TERM
Topical term or geographic name entry element AUTOMATED VALUATION MODELS
651 #4 - SUBJECT ADDED ENTRY--GEOGRAPHIC NAME
Geographic name United Kingdom
Chronological subdivision
690 ## - LOCAL SUBJECT ADDED ENTRY--TOPICAL TERM (OCLC, RLIN)
Topical term or geographic name as entry element PROPERTY-COMMERCIAL PROPERTY-COMMERCIAL PROPERTY TAXATION-COMMERCIAL PROPERTY TAXATION VALUATION
690 ## - LOCAL SUBJECT ADDED ENTRY--TOPICAL TERM (OCLC, RLIN)
Topical term or geographic name as entry element PROPERTY-PROPERTY APPRAISAL AND VALUATION-TAXATION VALUATION
942 ## - ADDED ENTRY ELEMENTS (KOHA)
Suppress in OPAC 0
Holdings
Withdrawn status Lost status Source of classification or shelving scheme Damaged status Not for loan Home library Current library Shelving location Date acquired Total Checkouts Full call number Barcode Date last seen Copy number Price effective from Koha item type
    Dewey Decimal Classification     London London Journal article 04/09/2007   L140089 140089-1001 06/08/2019 1 06/08/2019 Journal article